Las barriadas de Lima : 1957 /

Estudio pionero de una de las manifestaciones más saltantes del proceso de urbanización contemporáneo que comenzó en el Perú en la década de 1950. La barriada (barrio popular no oficial), asentamientos humanos o pueblos jóvenes, hoy CONOS, constituye, junto con la comunidad indígena campesina, uno d...

Full description

Bibliographic Details
Main Author: Matos Mar, José
Format: Libro
Language:Spanish
Published: Lima IEP 1977
Edition:2a. ed.
Series:Urbanización, migraciones y cambios en la sociedad peruana 1
Subjects:

MARC

LEADER 00000cam a2200000 a 4500
001 006599
003 UAHC_CL
005 20170803120248.0
008 091117s1977 pe 000 spa
040 |a UAHC_CL  |c UAHC_CL  |d UAHC_CL 
082 0 4 |a 307.74  |b M433  |2 20 
100 1 |a Matos Mar, José 
245 1 4 |a Las barriadas de Lima :  |b 1957 /  |c José Matos Mar. 
250 |a 2a. ed. 
260 |b IEP  |a Lima  |c 1977 
300 |a 293 p. 
490 0 |a Urbanización, migraciones y cambios en la sociedad peruana  |v 1 
520 |a Estudio pionero de una de las manifestaciones más saltantes del proceso de urbanización contemporáneo que comenzó en el Perú en la década de 1950. La barriada (barrio popular no oficial), asentamientos humanos o pueblos jóvenes, hoy CONOS, constituye, junto con la comunidad indígena campesina, uno de los dos patrones de establecimiento fundamentales del Perú. Estas iniciales barriadas hoy agrupadas en tres grandes CONOS dinamizan y lideran el crecimiento urbano y económico de Lima. Su gesta y el detalle minucioso de todas las barriadas existentes en la Gran Lima en 1957 es el contenido de este importante libro. 
650 4 |a Pobreza  |z Lima 
650 4 |a MIGRACION RURAL-URBANA 
651 4 |a Lima (Perú)  |x Suburbios y alrededores 
651 4 |a Lima (Perú)  |x Condiciones sociales 
653 |a LICENCIATURA EN HISTORIA 
653 |a SOCIOLOGIA 
900 |a 307.74 MAT 
942 |c BK 
952 |0 0  |1 0  |4 0  |6 307_740000000000000_MAT  |7 0  |8 General  |9 14374  |a BC  |b BC  |c General  |d 2017-08-03  |l 0  |o 307.74 MAT  |p 1375180  |r 2026-01-13 00:00:00  |t 1  |w 2017-08-03  |y BK 
999 |c 6599  |d 6599